000 00402nam a22001577a 4500
005 20240118105727.0
008 240118b |||||||| |||| 00| 0 eng d
020 _a978-81-93182437
041 _aeng
100 _aBATRA, DINANATH
_98392
245 _aSHIKSHA JEEVAN MULYO KA SRIJAN
260 _aNEW DELHI
_bSHIKSHA SANSKRITI UTTHAN NYAS
300 _a96;P
650 _aLIFE SKILL
_98393
942 _cBK
999 _c8475
_d8473